| 000 | 00362nam a2200145Ia 4500 | ||
|---|---|---|---|
| 005 | 20251222141846.0 | ||
| 008 | 251222s9999||||xx |||||||||||||| ||spa|| | ||
| 020 | _a9972874591 | ||
| 082 | _a741.598.5/R68E | ||
| 100 | _aRivera Escobar, Raúl | ||
| 245 | 0 | _aCaricatura en el Perú: | |
| 250 | _a1ra. ed. | ||
| 264 | _bBiblioteca Nacional del Perú | ||
| 942 | _cLIB | ||
| 999 |
_c7588 _d7588 |
||